000 00493nam a2200181Ia 4500
005 20250508162148.0
008 008 250505s9999 xx 000 0 eng d
037 _aTextual
040 _aFEDL
_beng
_cFEDL
041 _aeng
_2eng
084 _a153.35, TAY
_qFEDL
100 _aTaylor Calvin W.
_985309
245 0 _aClimate for creativity
260 _aNew York, USA
_bPergamon Press
_c1972
300 _aix,304p
942 _cTEXL
_h153.35, TAY
999 _c1374745
_d1374745